How many numbers can u click in 15 seconds? - Statistics

General Stats
  • This quiz has been taken 63 times
  • The average score is 11 of 21
Answers on the Grid
Answers color-coded by a green-red scale on the quiz's grid according to % correct below.
1
24
3
4
21
6
7
8
10
11
12
29
14
15
16
67
17
9
18
26
19
20
5
22
23
2
25
27
28
13
 
Answer Stats
Answer % Correct
1
100%
3
75%
4
75%
6
70%
8
70%
7
65%
2
60%
5
60%
9
60%
11
55%
12
55%
14
55%
10
50%
13
40%
15
40%
16
40%
18
35%
17
30%
20
30%
19
25%
24
25%
No matching quizzes found
Score Distribution
Percent of People with Each Score
Percentile by Number Answered
Your Score History
You have not taken this quiz